000
00298nam a22001217a 4500
003
SGT
082
_a
920
_b
A20V
100
_a
विजय, अनन्त
245
_a
अमेठी संग्राम
260
_b
ऐका प्रकाशन
_c
2020
300
_a
228
942
_2
ddc
_c
BK
999
_c
32013
_d
32013